| 000 | 00672nam a22002537a 4500 | ||
|---|---|---|---|
| 003 | UA-OsUOA | ||
| 001 | 22380 | ||
| 007 | ta | ||
| 008 | 20031219b un ||||| |||| 00| 0 ukr d | ||
| 100 | _aКрымский С.Б. | ||
| 700 | _aКузнецов В.И. | ||
| 090 |
_a141.82 _bК85 |
||
| 942 | _cBK | ||
| 040 |
_aUA-OsUOA _brus _cUA-OsUOA _dUA-OsUOA |
||
| 245 | _aМировоззренчиские категории в современном естествознании | ||
| 300 | _a221 с. | ||
| 955 | _a0 | ||
| 041 | _arus | ||
| 080 | _a141.82 | ||
| 260 |
_aКиев _bНаукова думка _c1983 |
||
| 044 | _aUA | ||
| 650 | 7 | _2UDC | |
| 999 |
_c308598 _d308598 |
||